Valtiot, joilla on sama nimi suomeksi ja ranskaksi - Statistics

Yleistilastot
  • Tätä visaa on pelattu 18 kertaa
    17 viimeisimmän päivityksen jälkeen
  • Keskiarvotulos 34 / 55
Vastaustilastot
Maanosa Valtio % Oikein
Afrikka Benin
82%
Oseania Kiribati
82%
Oseania Nauru
82%
Oseania Samoa
82%
Oseania Tuvalu
82%
Oseania Vanuatu
82%
Afrikka Angola
73%
Aasia Bangladesh
73%
Afrikka Djibouti
73%
Afrikka Gabon
73%
Afrikka Ghana
73%
Etelä-Amerikka Guyana
73%
Pohjois-Amerikka Haiti
73%
Aasia Laos
73%
Afrikka Mali
73%
Eurooppa Monaco
73%
Pohjois-Amerikka Panama
73%
Etelä-Amerikka Paraguay
73%
Oseania Tonga
73%
Etelä-Amerikka Uruguay
73%
Aasia Vietnam
73%
Pohjois-Amerikka Belize
64%
Pohjois-Amerikka Costa Rica
64%
Pohjois-Amerikka Honduras
64%
Aasia Iran
64%
Aasia Israel
64%
Afrikka Lesotho
64%
Eurooppa Liechtenstein
64%
Aasia Nepal
64%
Pohjois-Amerikka Nicaragua
64%
Aasia Oman
64%
Aasia Qatar
64%
Aasia Sri Lanka
64%
Etelä-Amerikka Suriname
64%
Afrikka Botswana
55%
Afrikka Eswatini
55%
Pohjois-Amerikka Guatemala
55%
Afrikka Niger
55%
Afrikka Togo
55%
Etelä-Amerikka Venezuela
55%
Afrikka Zimbabwe
55%
Aasia Brunei
45%
Afrikka Burundi
45%
Aasia Irak
45%
Eurooppa Kosovo
45%
Afrikka Liberia
45%
Eurooppa Montenegro
45%
Afrikka Nigeria
45%
Aasia Pakistan
45%
Afrikka Senegal
45%
Aasia Taiwan
45%
Afrikka Burkina Faso
36%
Afrikka Sierra Leone
36%
Afrikka Malawi
27%
Aasia Turkmenistan
27%
Ehtoja vastaavia visoja ei löytynyt
Tulosjakauma
Jokaisen tuloksen saaneiden osuus
Persentiili vastausten määrän mukaan
Tuloshistoriasi
Et ole pelannut tätä visaa sen viimeisimmän päivityksen jälkeen